| 000 | 00342 a2200109 4500 | ||
|---|---|---|---|
| 082 | _a333.91 PUN | ||
| 100 | _aPunmia, B.C | ||
| 245 |
_aIrrigation and Water Power Engineering _cB. C. Punimia, Pande B. B. Lal |
||
| 250 | _a12th. ed. | ||
| 260 |
_aJodhpur _bJ N V University _c1992 |
||
| 300 |
_axviii, 976p. : _bill. ' _c20 cm |
||
| 650 | _aIrrigation -- water power engineering | ||
| 999 |
_c180 _d180 |
||